| 000 | 00332nam a2200133Ia 4500 | ||
|---|---|---|---|
| 005 | 20260328104305.0 | ||
| 008 | 260328s9999||||xx |||||||||||||| ||und|| | ||
| 100 | _aKottas, Dimitris | ||
| 245 | 0 |
_aNuevas Tendencias-Micro Arquitectura / _cDimitris Kottas |
|
| 260 | _bLinks | ||
| 300 | _a299 p. | ||
| 650 | _aVIVIENDA | ||
| 942 | _cBK | ||
| 999 |
_c10724 _d10724 |
||